1096 1535 1552 1240 1949 1314 1644 2000 1310 1347 1473 1286 1928 1920 1576 1541 1354 1692 1867 1401 1104 1656 1266 1844 1081 1481 1734 1860 1911 1142 1100 1158 1759 1360 1783 1440 1476 1636 1752 1319 1670 1386 1567 1065 1024 1964 1892 1580 1973 1276 1701 1643 1813 1920 1757 1396 1038 1832 1028 1082 1105 1179 1168 1647 1698 1897 1639 1575 1818 1014 1734 1001 1194 1376 1730 1276 1505 1832 1214 1816 1401 1310 1252 1491 1380 1644 1917 1886 1477 1333 1721 1041 1065 1901 1351 1190 1429 1792 1387 BCNSPRNW ULIB Ver.6.0+V

เปลี่ยนเป็นภาษาไทย

Change to English
 แสดงรายละเอียดบรรณานุกรม
  กลับหน้าหลัก

Brief Record : Get Marc (ISO 2709) : E-mail record : QR code < ปิดหน้าต่าง
LEADER : 00000nam 2200000uu 4500
001    13399113331
003     ULIB
008    110627s2550||||th 000 0 tha d
020    9789749471876
090    นว.^bร147ห 2550
100 0  ร่มแก้ว
245 00 หัวใจไม่เคยหยุด(รัก)/^cร่มแก้ว
250    พิมพ์ครั้งที่ 1
260    กรุงเทพฯ :^bพิมพ์คำ,^c2550
300    383 หน้า
710 1  พิมพ์คำ
945    ^p240^l0^i021017
995    ทศพร
999 ^a ใช้งานได้ทุกระบบ
รายการนี้ยังไม่มีแท็ก
คุณยังไม่ได้ล็อกอิน คุณสามารถมีกิจกรรมร่วมกับเว็บไซต์ได้ แต่ต้องล็อกอินก่อน ::
  ล็อกอิน

รายการสื่อสารสนเทศ

ลำดับที่ ประเภท เลขเรียก/บาร์โค้ด สถานที่ สถานะ
- ไม่พบข้อมูล -

รายการใกล้เคียง
    ผู้แต่ง [ร่มแก้ว]

BibComment


ยังไม่เคยถูกคอมเมนท์

คอมเมนท์ทรัพยากรรายการนี้
  คอมเมนท์: หัวใจไม่เคยหยุดรั..


 Copyright 2026. Bcnsprnw @Library